[Event "DVM U16 2007"]
[Site "Uelzen GER"]
[Date "2007.12.27"]
[Round "1"]
[White "Von Kügelgen, Julius"]
[Black "Haidar, Marcel"]
[Result "1-0"]
[Termination "normal"]
[Board "4.4"]
[WhiteElo "1532"]
[BlackElo "1599"]
[WhiteTeam "SK Johanneum Eppendorf"]
[BlackTeam "SF Brackel"]
[PlyCount "120"]
[WhiteFideId "24657468"]
[EventCountry "GER"]
[EventRounds "7"]
[EventType "team-swiss"]
[EventDate "2007.12.26"]

1. e4 e5 2. Nf3 Nc6 3. Bb5 a6 4. Ba4 Nf6 5. O-O b5 6. Bb3 Be7 7. Re1 O-O 8. h3
b4 9. d3 d6 10. c3 Bb7 11. Nbd2 bxc3 12. bxc3 Nd7 13. Nf1 Na5 14. Bc2 f5 15. d4
f4 16. g3 Bg5 17. N1h2 Qe7 18. Nxg5 Qxg5 19. Qg4 Qxg4 20. Nxg4 fxg3 21. fxg3
Rf3 22. Re3 Raf8 23. Bd3 h5 24. Nh2 R3f6 25. Re2 Nb6 26. Rb1 Bc8 27. Kg2 Na4
28. Bd2 Nb6 29. Rf1 Rxf1 30. Nxf1 Nac4 31. Bc1 Bxh3+ 32. Kxh3 Rxf1 33. Rc2 Rf7
34. Kg2 Kh7 35. Be2 g6 36. Bf3 Kg7 37. Re2 a5 38. Rc2 Na4 39. Be2 Nab6 40. Bd1
Na4 41. Be2 Nab6 42. Bd3 Rf8 43. Bg5 c6 44. Rf2 Rf7 45. Re2 Rf8 46. Re1 Na3 47.
Be7 Rf7 48. Bxd6 Nac4 49. dxe5 Nxd6 50. exd6 Rf6 51. e5 Re6 52. Kf3 Nd7 53. Kf4
Nc5 54. Re3 Nd7 55. Bc4 g5+ 56. Kf5 Re8 57. e6 Nc5 58. d7 Nxd7 59. exd7 Rxe3
60. d8=Q Rxg3 1-0

[Event "DVM U16 2007"]
[Site "Uelzen GER"]
[Date "2007.12.27"]
[Round "1"]
[White "Lichmann, Peter"]
[Black "Tschlatscher, Thomas"]
[Result "1-0"]
[Termination "normal"]
[Board "5.1"]
[WhiteElo "2324"]
[BlackElo "1986"]
[WhiteTeam "SV Werder Bremen"]
[BlackTeam "Heilbronner SV"]
[PlyCount "73"]
[WhiteFideId "14111268"]
[BlackFideId "24635863"]
[EventCountry "GER"]
[EventRounds "7"]
[EventType "team-swiss"]
[EventDate "2007.12.26"]

1. d4 Nf6 2. c4 e6 3. Nc3 Bb4 4. g3 d5 5. Bg2 O-O 6. Nf3 Nbd7 7. O-O b6 8. Bf4
Bxc3 9. bxc3 Ne4 10. Qc2 Ba6 11. cxd5 exd5 12. Rfe1 Ndf6 13. Ne5 Re8 14. Rad1
Bb7 15. c4 c6 16. f3 Nd6 17. c5 Nb5 18. Bh3 bxc5 19. Qxc5 Qa5 20. Ra1 Qa4 21.
e3 Na3 22. Rac1 h6 23. Nxc6 Nc4 24. Ne5 Qxa2 25. Nxc4 dxc4 26. e4 Bxe4 27. fxe4
Nxe4 28. Rxe4 Rxe4 29. Bg2 Rxf4 30. gxf4 Rd8 31. d5 Qd2 32. Qxc4 a5 33. Rf1 Rd6
34. Kh1 g6 35. Qe4 Rb6 36. f5 gxf5 37. Qxf5 1-0

[Event "DVM U16 2007"]
[Site "Uelzen GER"]
[Date "2007.12.27"]
[Round "1"]
[White "Häusinger, Benjamin"]
[Black "Bart, Simon"]
[Result "1/2-1/2"]
[Termination "normal"]
[Board "5.2"]
[WhiteElo "1812"]
[BlackElo "1951"]
[WhiteTeam "Heilbronner SV"]
[BlackTeam "SV Werder Bremen"]
[PlyCount "75"]
[WhiteFideId "24659576"]
[BlackFideId "24637327"]
[EventCountry "GER"]
[EventRounds "7"]
[EventType "team-swiss"]
[EventDate "2007.12.26"]

1. Nf3 Nf6 2. d4 d5 3. Bf4 e6 4. e3 c5 5. c3 Nc6 6. Nbd2 Be7 7. dxc5 Bxc5 8.
Nb3 Bd6 9. Bg5 O-O 10. Be2 h6 11. Bh4 Qe7 12. O-O a6 13. Nbd4 Rd8 14. Qc2 Bd7
15. Nxc6 bxc6 16. e4 e5 17. exd5 cxd5 18. Qd2 Bc6 19. Rfe1 d4 20. Bd1 Bb7 21.
Nxd4 Bc5 22. Qe2 Bxd4 23. cxd4 {(=)} 23... Rxd4 24. Bg3 Re4 25. Qf1 Rd8 26. Bc2
Rxe1 27. Qxe1 Qc5 28. Rc1 Qd5 29. f3 Qd4+ 30. Kh1 Nd7 31. b3 Qb2 32. Qd2 Qd4
33. Qe2 Qd6 34. Rd1 Qe6 35. Bd3 Re8 36. Bc4 Qc6 37. Bd5 Qc7 38. Bc4 {(=)}
1/2-1/2

[Event "DVM U16 2007"]
[Site "Uelzen GER"]
[Date "2007.12.27"]
[Round "1"]
[White "Jebtchouk, Dimitrij"]
[Black "Pogan, Nikolas"]
[Result "0-1"]
[Termination "normal"]
[Board "5.3"]
[WhiteElo "1609"]
[BlackElo "1992"]
[WhiteTeam "SV Werder Bremen"]
[BlackTeam "Heilbronner SV"]
[PlyCount "60"]
[BlackFideId "24673579"]
[EventCountry "GER"]
[EventRounds "7"]
[EventType "team-swiss"]
[EventDate "2007.12.26"]

1. d4 d5 2. c4 c6 3. Nc3 e5 4. e3 e4 5. cxd5 cxd5 6. Bb5+ Nc6 7. Nge2 Nf6 8.
Qa4 Qd6 9. Nf4 Bd7 10. Qb3 a6 11. Be2 Na5 12. Qa3 Qxa3 13. bxa3 Bc6 14. Bd2 Nc4
15. Bxc4 dxc4 16. a4 b5 17. axb5 axb5 18. O-O b4 19. Nce2 c3 20. Bxc3 bxc3 21.
Nxc3 Bd6 22. g3 g5 23. Nfe2 h5 24. d5 Bd7 25. f4 Bc5 26. Nd4 g4 27. Kf2 h4 28.
Ncb5 hxg3+ 29. hxg3 Bxb5 30. Nxb5 Nxd5 0-1

[Event "DVM U16 2007"]
[Site "Uelzen GER"]
[Date "2007.12.27"]
[Round "1"]
[White "Wenninger, Philipp"]
[Black "Stelter, Frederik"]
[Result "1-0"]
[Termination "normal"]
[Board "5.4"]
[WhiteElo "1661"]
[BlackElo "1379"]
[WhiteTeam "Heilbronner SV"]
[BlackTeam "SV Werder Bremen"]
[PlyCount "55"]
[WhiteFideId "4648404"]
[EventCountry "GER"]
[EventRounds "7"]
[EventType "team-swiss"]
[EventDate "2007.12.26"]

1. d4 d5 2. c4 e6 3. Nf3 Be7 4. Nc3 Nf6 5. Bf4 Bd6 6. Bg5 Be7 7. e3 b6 8. Rc1
Bb7 9. Be2 Nbd7 10. O-O O-O 11. cxd5 Nxd5 12. Nxd5 Bxd5 13. Bxe7 Qxe7 14. Rxc7
Bxa2 15. Qa4 Nc5 16. Qc6 Bd5 17. Rxe7 Bxc6 18. dxc5 bxc5 19. Ra1 a5 20. Rc7 Bd5
21. Rxc5 Rfb8 22. Rc2 a4 23. h3 Ra7 24. Nd4 Bb3 25. Nxb3 axb3 26. Rcc1 Ra2 27.
Rab1 Rba8 28. Bc4 1-0

[Event "DVM U16 2007"]
[Site "Uelzen GER"]
[Date "2007.12.27"]
[Round "1"]
[White "Dalakian, Haroutioun"]
[Black "Wendling, Hannes"]
[Result "1/2-1/2"]
[Termination "normal"]
[Board "6.1"]
[WhiteElo "2031"]
[BlackElo "2146"]
[WhiteTeam "Hamburger SK"]
[BlackTeam "SV Empor Erfurt"]
[PlyCount "84"]
[WhiteFideId "24632058"]
[BlackFideId "24624284"]
[EventCountry "GER"]
[EventRounds "7"]
[EventType "team-swiss"]
[EventDate "2007.12.26"]

1. e4 c5 2. Nf3 d6 3. d4 cxd4 4. Nxd4 Nf6 5. Nc3 a6 6. Bg5 e6 7. f4 Qb6 8. Nb3
Nc6 9. Qf3 Be7 10. Bd3 Bd7 11. Bh4 Qc7 12. Bf2 b5 13. a3 O-O 14. O-O Rad8 15.
Rae1 Bc8 16. Nd4 Nxd4 17. Bxd4 e5 18. Be3 Bb7 19. f5 d5 20. Nxd5 Nxd5 21. exd5
Bxd5 22. Qf2 Rc8 23. Bb6 Qc6 24. Rxe5 Bf6 25. Re2 Bxb2 26. Bd4 Bxd4 27. Qxd4
Rfd8 28. Qb4 Bc4 29. Bxc4 Qxc4 30. Rfe1 Qxb4 31. axb4 Kf8 32. Ra1 Rd6 33. Rae1
g6 34. fxg6 hxg6 35. Rf1 Rc7 36. Rf3 Rc4 37. c3 Rd1+ 38. Kf2 Rc1 39. Ree3 Rc2+
40. Kg1 Rc1+ 41. Kf2 Rc2+ 42. Kg1 Rc1+ 1/2-1/2

[Event "DVM U16 2007"]
[Site "Uelzen GER"]
[Date "2007.12.27"]
[Round "1"]
[White "Jacobi, Robin"]
[Black "Colpe, Malte"]
[Result "1/2-1/2"]
[Termination "normal"]
[Board "6.2"]
[WhiteElo "1985"]
[BlackElo "2020"]
[WhiteTeam "SV Empor Erfurt"]
[BlackTeam "Hamburger SK"]
[PlyCount "121"]
[WhiteFideId "24646962"]
[BlackFideId "24623075"]
[EventCountry "GER"]
[EventRounds "7"]
[EventType "team-swiss"]
[EventDate "2007.12.26"]

1. Nf3 d5 2. g3 Nf6 3. Bg2 Bg4 4. d3 Nbd7 5. Nbd2 e5 6. h3 Bf5 7. O-O Bd6 8.
Re1 O-O 9. e4 dxe4 10. dxe4 Bg6 11. Nh4 Nc5 12. Nxg6 hxg6 13. Nc4 Qe7 14. Nxd6
cxd6 15. c4 Rac8 16. b3 Ne6 17. Ba3 Nd4 18. Bb2 Nc6 19. Ba3 Rfd8 20. Qd2 Nd4
21. Bb2 Ne6 22. Rad1 g5 23. Re3 g4 24. hxg4 Nxg4 25. Rd3 Rc6 26. f3 Nf6 27.
Bxe5 dxe5 28. Rxd8+ Nxd8 29. Qxd8+ Qxd8 30. Rxd8+ Kh7 31. Kf2 g5 32. Bh3 Kg7
33. Ke3 Rc7 34. Rd1 b6 35. a3 Kf8 36. Rc1 Ke7 37. b4 Kd6 38. Bf5 Kc6 39. Kd3
Nh5 40. Rg1 a5 41. Bg4 Nf6 42. bxa5 bxa5 43. Rb1 Nxg4 44. fxg4 Rd7+ 45. Ke3 Rd4
46. Rb5 Rxc4 47. Rxa5 Rc3+ 48. Kf2 Rc2+ 49. Kf3 Rc3+ 50. Kg2 Rc2+ 51. Kh3 Kd6
52. Ra6+ Ke7 53. Ra7+ Kf6 54. Ra6+ Kg7 55. Ra4 Kf6 56. Rb4 Ra2 57. a4 Kg7 58.
Rc4 Kf6 59. Rb4 Ke6 60. Rb6+ Ke7 61. Rb7+ 1/2-1/2

[Event "DVM U16 2007"]
[Site "Uelzen GER"]
[Date "2007.12.27"]
[Round "1"]
[White "Ma, Beini"]
[Black "Balßuweit, Michael"]
[Result "1-0"]
[Termination "normal"]
[Board "6.3"]
[WhiteElo "1953"]
[BlackElo "1473"]
[WhiteTeam "Hamburger SK"]
[BlackTeam "SV Empor Erfurt"]
[PlyCount "57"]
[WhiteFideId "24630101"]
[EventCountry "GER"]
[EventRounds "7"]
[EventType "team-swiss"]
[EventDate "2007.12.26"]

1. e4 e6 2. d4 d5 3. Nc3 Bb4 4. e5 c5 5. a3 Bxc3+ 6. bxc3 Nc6 7. Nf3 Nge7 8. h4
c4 9. h5 Bd7 10. h6 g6 11. Bg5 Qa5 12. Qd2 O-O-O 13. Bf6 Rhf8 14. Ng5 Rde8 15.
Nxh7 Rh8 16. Ng5 Nd8 17. g4 Ba4 18. Bxh8 Rxh8 19. Rh3 a6 20. h7 Nec6 21. Qf4
Bxc2 22. Qf6 Bd3 23. Kd2 Nxd4 24. Qxh8 Nb3+ 25. Ke3 Qb6+ 26. Kf3 Nd2+ 27. Kg2
Be4+ 28. Nxe4 Nxe4 29. Ra2 1-0

[Event "DVM U16 2007"]
[Site "Uelzen GER"]
[Date "2007.12.27"]
[Round "1"]
[White "König, Tobias Marius"]
[Black "Daedrich, Timo"]
[Result "1-0"]
[Termination "normal"]
[Board "6.4"]
[WhiteElo "1367"]
[BlackElo "1432"]
[WhiteTeam "SV Empor Erfurt"]
[BlackTeam "Hamburger SK"]
[PlyCount "111"]
[EventCountry "GER"]
[EventRounds "7"]
[EventType "team-swiss"]
[EventDate "2007.12.26"]

1. e4 c5 2. Nc3 Nc6 3. f4 g6 4. Nf3 Bg7 5. Bc4 e6 6. d3 a6 7. a4 Nge7 8. O-O
O-O 9. Bb3 b6 10. Be3 Bb7 11. d4 cxd4 12. Nxd4 Qc7 13. Qd3 Rad8 14. Rad1 f5 15.
e5 Nb4 16. Qe2 Nbd5 17. Rd3 Nb4 18. Rd2 Ned5 19. Nxd5 Nxd5 20. c3 Bh6 21. h4
Rde8 22. Rd3 Ba8 23. Rf2 Qd8 24. Bd2 Qxh4 25. Rh3 Qd8 26. Rxh6 Qc8 27. g3 Qb7
28. Rfh2 Rf7 29. c4 Ne7 30. Bc2 Rc8 31. b3 Nc6 32. Nxc6 dxc6 33. g4 c5 34. gxf5
gxf5 35. Rxe6 Rg7+ 36. Kf1 Rg3 37. Bxf5 Qg7 38. Qf2 Rf3 39. Bxh7+ Kf8 40. Rf6+
Ke7 41. Bg6 Rxf2+ 42. Kxf2 Rh8 43. Rg2 Bxg2 44. Rf7+ Qxf7 45. Bxf7 Kxf7 46.
Kxg2 Ke6 47. Kg3 Rd8 48. Be1 Rd3+ 49. Kg4 Rxb3 50. Bg3 Rb4 51. f5+ Kf7 52. e6+
Kf6 53. Bh4+ Kg7 54. Kh5 Rxc4 55. f6+ Kf8 56. Bg5 1-0

[Event "DVM U16 2007"]
[Site "Uelzen GER"]
[Date "2007.12.27"]
[Round "1"]
[White "Stitterich, Nadine"]
[Black "Oltmanns, Ingmar"]
[Result "0-1"]
[Termination "normal"]
[Board "7.1"]
[WhiteElo "1745"]
[BlackElo "1929"]
[WhiteTeam "SV Stuttgart-Wolfbusch"]
[BlackTeam "USG Chemnitz"]
[PlyCount "118"]
[WhiteFideId "24676527"]
[BlackFideId "4613910"]
[EventCountry "GER"]
[EventRounds "7"]
[EventType "team-swiss"]
[EventDate "2007.12.26"]

1. e4 c6 2. d4 d5 3. Nc3 dxe4 4. Nxe4 Nf6 5. Ng3 c5 6. Be3 Nd5 7. Nf3 Nc6 8.
Qd2 cxd4 9. Nxd4 Nxe3 10. fxe3 e5 11. Nb5 Qxd2+ 12. Kxd2 Rb8 13. Rd1 Bc5 14.
Ne4 Bb6 15. Nbd6+ Ke7 16. Bd3 Bd7 17. Rhf1 f6 18. h3 Rhd8 19. Ke2 Be6 20. Nf5+
Kf8 21. a3 Kg8 22. g4 Kh8 23. Nfg3 Ne7 24. Rh1 Nd5 25. Nf1 Rf8 26. c4 Ne7 27.
c5 Bc7 28. Nfg3 g6 29. Rhg1 f5 30. gxf5 gxf5 31. Ng5 Bb3 32. Rc1 e4 33. Bc4
Bxc4+ 34. Rxc4 Rf6 35. Rcc1 Bxg3 36. Rxg3 h6 37. Nxe4 fxe4 38. Rc4 Re6 39. Rg4
Rg8 40. Rb4 Rxg4 41. hxg4 b6 42. cxb6 axb6 43. Kf2 Kg7 44. Rd4 Kg6 45. Kg3 Kg5
46. b3 Re5 47. Rd6 Nd5 48. Kf2 b5 49. Rc6 Nf6 50. Rc7 Kxg4 51. Rg7+ Kh4 52. Ke2
Ng4 53. Rg8 h5 54. Ra8 Kg3 55. a4 bxa4 56. bxa4 h4 57. a5 h3 58. a6 h2 59. Rh8
Ra5 0-1

[Event "DVM U16 2007"]
[Site "Uelzen GER"]
[Date "2007.12.27"]
[Round "1"]
[White "Leschner, Marius"]
[Black "Lobmeyer, Fabian"]
[Result "1-0"]
[Termination "normal"]
[Board "7.2"]
[WhiteElo "1756"]
[BlackElo "1648"]
[WhiteTeam "USG Chemnitz"]
[BlackTeam "SV Stuttgart-Wolfbusch"]
[PlyCount "77"]
[WhiteFideId "4613813"]
[BlackFideId "24659681"]
[EventCountry "GER"]
[EventRounds "7"]
[EventType "team-swiss"]
[EventDate "2007.12.26"]

1. e4 c5 2. f4 e6 3. Nf3 Nc6 4. Nc3 Qc7 5. g3 a6 6. a4 d6 7. Bg2 Nf6 8. O-O Be7
9. d3 b6 10. h3 Bb7 11. Be3 Nb8 12. e5 Nd5 13. Nxd5 Bxd5 14. d4 Nc6 15. c3 Be4
16. exd6 Bxd6 17. Re1 c4 18. Bf1 Bd5 19. Nd2 Na5 20. Qg4 g6 21. Bf2 h5 22. Qg5
Qe7 23. Ne4 Bxe4 24. Qxe7+ Bxe7 25. Rxe4 Rd8 26. Rae1 Nb3 27. Rd1 Nc5 28. Ree1
Nxa4 29. Ra1 b5 30. Bxc4 Nxb2 31. Be2 Rd6 32. Reb1 Na4 33. Rb3 Kd7 34. c4 Rc8
35. cxb5 Nc3 36. Rxc3 Rxc3 37. bxa6 Rdc6 38. Bb5 Kc7 39. Bxc6 1-0

[Event "DVM U16 2007"]
[Site "Uelzen GER"]
[Date "2007.12.27"]
[Round "1"]
[White "Häcker, Katrin"]
[Black "Le Minh, Viet"]
[Result "1-0"]
[Termination "normal"]
[Board "7.3"]
[WhiteElo "1463"]
[BlackElo "1627"]
[WhiteTeam "SV Stuttgart-Wolfbusch"]
[BlackTeam "USG Chemnitz"]
[PlyCount "105"]
[WhiteFideId "24667986"]
[EventCountry "GER"]
[EventRounds "7"]
[EventType "team-swiss"]
[EventDate "2007.12.26"]

1. e4 e6 2. Nf3 d5 3. exd5 exd5 4. d4 Bd6 5. Nc3 c6 6. Bd3 Nf6 7. Qe2+ Be7 8.
Bg5 O-O 9. O-O-O Re8 10. Rde1 Be6 11. Nd1 Nbd7 12. Ne5 b5 13. Nxc6 Qb6 14. Bxb5
Bf8 15. Ne5 Rec8 16. Nxd7 Nxd7 17. Qd3 Rab8 18. Ba4 Qb4 19. Rxe6 Qxa4 20. Ra6
Rxc2+ 21. Kb1 Qc4 22. Qxc4 Rxc4 23. Rxa7 Nb6 24. Be3 g6 25. Nc3 Nc8 26. Bf4
Rbb4 27. Rc7 Rxc7 28. Bxc7 Rxd4 29. Rd1 Rxd1+ 30. Nxd1 Bc5 31. Bg3 Kf8 32. Nc3
Ne7 33. Kc2 Ke8 34. Kd3 Kd7 35. a3 Kc6 36. b4 Bb6 37. a4 Nf5 38. a5 Bd8 39. b5+
Kc5 40. b6 Nd6 41. Na4+ Kc6 42. Bxd6 Kxd6 43. a6 Kc6 44. a7 Kb7 45. Kd4 Be7 46.
Kxd5 Bh4 47. Nc5+ Ka8 48. Kc6 Bf6 49. Nd7 Bd8 50. b7+ Kxa7 51. b8=Q+ Ka6 52.
Qb5+ Ka7 53. Qb7# 1-0

[Event "DVM U16 2007"]
[Site "Uelzen GER"]
[Date "2007.12.27"]
[Round "1"]
[White "Allert, Maximilian"]
[Black "Hamm, Lukas"]
[Result "1-0"]
[Termination "normal"]
[Board "7.4"]
[WhiteElo "1742"]
[BlackElo "1472"]
[WhiteTeam "USG Chemnitz"]
[BlackTeam "SV Stuttgart-Wolfbusch"]
[PlyCount "95"]
[BlackFideId "24659690"]
[EventCountry "GER"]
[EventRounds "7"]
[EventType "team-swiss"]
[EventDate "2007.12.26"]

1. e4 e5 2. Nf3 Nc6 3. Bc4 Bc5 4. Nc3 d6 5. d3 Nf6 6. Bg5 Be6 7. Bb3 O-O 8. Nd5
Bxd5 9. Bxd5 Qe7 10. Nh4 Rab8 11. c3 Qd8 12. Qf3 a6 13. Nf5 Na7 14. Nh6+ Kh8
15. Nxf7+ Rxf7 16. Bxf7 Qe7 17. Bb3 Rf8 18. Qe2 Nc6 19. O-O-O Qe8 20. Rhf1 Qg6
21. Bxf6 Rxf6 22. g3 b5 23. Kb1 b4 24. f4 exf4 25. Rxf4 Rxf4 26. gxf4 Qf6 27.
d4 Bb6 28. Qxa6 h6 29. Qa8+ Nd8 30. Qd5 Qf8 31. cxb4 c6 32. Qc4 Qe8 33. a4
Qxe4+ 34. Ka2 d5 35. Qa6 Bxd4 36. Qc8 Bf6 37. a5 Qxb4 38. a6 Qa5+ 39. Kb1 Qb6
40. Rd3 Kh7 41. Rg3 Qd4 42. Bc2+ Kh8 43. Qb8 Qc4 44. a7 Qf1+ 45. Ka2 Qc4+ 46.
Rb3 Qxc2 47. a8=Q Qxh2 48. Rd3 1-0

[Event "DVM U16 2007"]
[Site "Uelzen GER"]
[Date "2007.12.27"]
[Round "1"]
[White "Wortmann, Jonas"]
[Black "Hinz, Arne"]
[Result "1/2-1/2"]
[Termination "normal"]
[Board "8.1"]
[WhiteElo "2043"]
[BlackElo "1968"]
[WhiteTeam "SF Limburgerhof"]
[BlackTeam "SG Bochum"]
[PlyCount "91"]
[WhiteFideId "24628069"]
[BlackFideId "24634875"]
[EventCountry "GER"]
[EventRounds "7"]
[EventType "team-swiss"]
[EventDate "2007.12.26"]

1. e4 e5 2. Nf3 Nf6 3. Nxe5 d6 4. Nf3 Nxe4 5. d4 d5 6. Bd3 Bd6 7. c4 c6 8. O-O
O-O 9. Nc3 Nxc3 10. bxc3 dxc4 11. Bxc4 Nd7 12. Re1 Nf6 13. Ne5 Nd5 14. Qb3 Bc7
15. Bd2 Rb8 16. Bd3 f6 17. Nc4 b5 18. Ne3 Qd6 19. g3 f5 20. Qc2 g6 21. c4 Nxe3
{(=)} 22. Bxe3 f4 23. Bxf4 Rxf4 24. gxf4 Qxf4 25. f3 Qxd4+ 26. Kh1 Qf4 27. Qe2
Bd7 28. cxb5 cxb5 29. Be4 Re8 30. Qf2 Re5 31. Qg3 Qh6 32. Rad1 Rc5 33. Qg1 Rh5
34. Re2 Bc8 35. a3 a5 36. Rc1 Be5 37. Rc6 Bd7 38. Ra6 Bxh2 39. Rxh2 Rxh2+ 40.
Qxh2 Qc1+ 41. Kg2 Qd2+ 42. Kg3 Qg5+ 43. Kf2 Qd2+ {(=)} 44. Kg1 Qc1+ 45. Kg2
Qd2+ 46. Kg1 {(=)} 1/2-1/2

[Event "DVM U16 2007"]
[Site "Uelzen GER"]
[Date "2007.12.27"]
[Round "1"]
[White "Butschek, Marc"]
[Black "Babayev, Husejn"]
[Result "0-1"]
[Termination "normal"]
[Board "8.2"]
[WhiteElo "1665"]
[BlackElo "1859"]
[WhiteTeam "SG Bochum"]
[BlackTeam "SF Limburgerhof"]
[PlyCount "40"]
[WhiteFideId "4630904"]
[BlackFideId "4647599"]
[EventCountry "GER"]
[EventRounds "7"]
[EventType "team-swiss"]
[EventDate "2007.12.26"]

1. e4 c5 2. c3 d5 3. exd5 Qxd5 4. Qf3 Nf6 5. g3 Nc6 6. Bg2 Qd6 7. h3 Ne5 8. Qd1
Nd3+ 9. Kf1 Rb8 10. Ne2 a6 11. Nf4 Bf5 12. Nxd3 Bxd3+ 13. Kg1 Ne4 14. Qf3 h5
15. Kh2 Rh6 16. Bf1 Rd8 17. b4 cxb4 18. cxb4 Rf6 19. Qxd3 Rxf2+ 20. Kg1 Qxd3
0-1

[Event "DVM U16 2007"]
[Site "Uelzen GER"]
[Date "2007.12.27"]
[Round "1"]
[White "Babayev, Ramil"]
[Black "Golosnyak, Alexander"]
[Result "1-0"]
[Termination "normal"]
[Board "8.3"]
[WhiteElo "1969"]
[BlackElo "1390"]
[WhiteTeam "SF Limburgerhof"]
[BlackTeam "SG Bochum"]
[PlyCount "77"]
[WhiteFideId "24664243"]
[BlackFideId "24659703"]
[EventCountry "GER"]
[EventRounds "7"]
[EventType "team-swiss"]
[EventDate "2007.12.26"]

1. e4 e5 2. Nf3 Nc6 3. d4 exd4 4. Nxd4 Bc5 5. Nxc6 Qf6 6. Qf3 Qxc6 7. Nc3 Ne7
8. Bb5 Qg6 9. Bf4 a6 10. Bd3 Qb6 11. Rb1 O-O 12. O-O d6 13. Bg5 Ng6 14. Nd5 Qc6
15. b4 Bb6 16. Qh5 h6 17. b5 Qc5 18. Be3 Qa3 19. Bxb6 cxb6 20. Nxb6 Rb8 21. Nc4
Qc5 22. Qxc5 dxc5 23. bxa6 b5 24. a7 Ra8 25. Rxb5 Rxa7 26. Rxc5 Rxa2 27. f4 Bd7
28. f5 Ne7 29. Rc7 Rd8 30. Ne5 Bxf5 31. Rxe7 Be6 32. Nxf7 Bxf7 33. Rfxf7 Ra1+
34. Kf2 Rf8 35. Rxf8+ Kxf8 36. Rb7 Ra8 37. Ke3 Re8 38. c4 Re7 39. Rxe7 1-0

[Event "DVM U16 2007"]
[Site "Uelzen GER"]
[Date "2007.12.27"]
[Round "1"]
[White "Ryvkin, Leonid"]
[Black "Grimm, Christian"]
[Result "1/2-1/2"]
[Termination "normal"]
[Board "8.4"]
[WhiteElo "1231"]
[BlackElo "1531"]
[WhiteTeam "SG Bochum"]
[BlackTeam "SF Limburgerhof"]
[PlyCount "39"]
[BlackFideId "24659592"]
[EventCountry "GER"]
[EventRounds "7"]
[EventType "team-swiss"]
[EventDate "2007.12.26"]

1. e4 c5 2. Nf3 Nc6 3. c3 d5 4. exd5 Qxd5 5. Bb5 a6 6. Bxc6+ Qxc6 7. d4 cxd4 8.
cxd4 Bg4 9. d5 Qc7 10. Nc3 Nf6 11. Be3 Rd8 12. Rc1 Qd6 13. Qa4+ b5 14. Qd4 Bxf3
15. gxf3 Nxd5 16. Nxd5 Qxd5 17. Qxd5 Rxd5 18. Ke2 e6 19. Rc8+ Rd8 20. Rhc1 {(=)
} 1/2-1/2

[Event "DVM U16 2007"]
[Site "Uelzen GER"]
[Date "2007.12.27"]
[Round "1"]
[White "Meier, Lars"]
[Black "Zhou, Syang"]
[Result "0-1"]
[Termination "normal"]
[Board "9.1"]
[WhiteElo "1864"]
[BlackElo "1940"]
[WhiteTeam "SK Gründau"]
[BlackTeam "SF Deizisau"]
[PlyCount "98"]
[WhiteFideId "24602396"]
[BlackFideId "24636126"]
[EventCountry "GER"]
[EventRounds "7"]
[EventType "team-swiss"]
[EventDate "2007.12.26"]

1. e4 c5 2. c3 d5 3. exd5 Qxd5 4. d4 Nc6 5. Nf3 Bg4 6. Be2 e6 7. Be3 cxd4 8.
Bxd4 Nxd4 9. Qxd4 Qxd4 10. Nxd4 Bxe2 11. Kxe2 a6 12. Nd2 Nf6 13. N2b3 Bd6 14.
Rad1 Rd8 15. Rhe1 O-O 16. Kf1 Rd7 17. Nf3 Rfd8 18. Na5 Bc7 19. Rxd7 Rxd7 20.
Nc4 b5 21. Nce5 Rd5 22. Nc6 Kf8 23. Re2 Bb6 24. Nb4 Rd1+ 25. Re1 Rxe1+ 26. Kxe1
a5 27. Nd3 Nd5 28. Nfe5 Ke7 29. Ke2 f6 30. Nf3 e5 31. Nd2 Ke6 32. c4 bxc4 33.
Nxc4 e4 34. Nc1 Nf4+ 35. Kf1 Bc7 36. g3 Nd3 37. Nxd3 exd3 38. Ke1 Kd5 39. b3
Ke4 40. Kd2 Kf3 41. Kxd3 Kxf2 42. Ne3 Kg1 43. h4 Bxg3 44. Nf5 Kg2 45. a3 g5 46.
hxg5 fxg5 47. Nxg3 Kxg3 48. b4 axb4 49. axb4 Kf4 0-1

[Event "DVM U16 2007"]
[Site "Uelzen GER"]
[Date "2007.12.27"]
[Round "1"]
[White "Früchel, Marcel"]
[Black "Tautz, Hendrik"]
[Result "1-0"]
[Termination "normal"]
[Board "9.2"]
[WhiteElo "1761"]
[BlackElo "1583"]
[WhiteTeam "SF Deizisau"]
[BlackTeam "SK Gründau"]
[PlyCount "87"]
[WhiteFideId "24667218"]
[BlackFideId "4677536"]
[EventCountry "GER"]
[EventRounds "7"]
[EventType "team-swiss"]
[EventDate "2007.12.26"]

1. d4 Nf6 2. c4 g6 3. Nc3 Bg7 4. Nf3 O-O 5. e4 d6 6. h3 c5 7. Be3 Na6 8. Be2
Rb8 9. O-O b6 10. a3 Bb7 11. Qc2 Nc7 12. Rfd1 Nd7 13. b4 Qc8 14. Rd2 Re8 15.
Rad1 Rd8 16. bxc5 dxc5 17. dxc5 Ne6 18. cxb6 Nxb6 19. Rxd8+ Nxd8 20. Nd5 Nxd5
21. exd5 a5 22. Qa4 Qc7 23. c5 Bc8 24. d6 exd6 25. Bf4 Bd7 26. Qe4 Bf5 27. cxd6
Qd7 28. Qe7 Rb3 29. Rd3 Rb1+ 30. Kh2 Bf8 31. Qxd7 Bxd7 32. Be5 Rb6 33. Ng5 Bb5
34. Rb3 f6 35. Bxb5 Kg7 36. Bd4 Rxd6 37. Bc5 fxg5 38. Bxd6 Bxd6+ 39. g3 Bc5 40.
Kg2 Ne6 41. Bc4 Nd4 42. Rb7+ Kh8 43. a4 Nf5 44. Rb5 1-0

[Event "DVM U16 2007"]
[Site "Uelzen GER"]
[Date "2007.12.27"]
[Round "1"]
[White "Hahn, Florian"]
[Black "Rempeli, Alex"]
[Result "0-1"]
[Termination "normal"]
[Board "9.3"]
[WhiteElo "1501"]
[BlackElo "1706"]
[WhiteTeam "SK Gründau"]
[BlackTeam "SF Deizisau"]
[PlyCount "48"]
[WhiteFideId "24659720"]
[BlackFideId "24645931"]
[EventCountry "GER"]
[EventRounds "7"]
[EventType "team-swiss"]
[EventDate "2007.12.26"]

1. Nf3 Nf6 2. b3 b6 3. e3 e6 4. Bb2 Bb7 5. Be2 Be7 6. O-O O-O 7. d4 d5 8. c4 c5
9. cxd5 Nxd5 10. dxc5 Bxc5 11. Bd4 Bxd4 12. Nxd4 Qf6 13. Qd2 Rd8 14. Qc1 Nc6
15. Nxc6 Bxc6 16. Na3 Rac8 17. Qe1 Nc3 18. Nc4 Qg5 19. f3 Nd5 20. e4 Nf4 21. g3
b5 22. Na5 Rd2 23. Bd1 Nd3 24. f4 Qc5+ 0-1

[Event "DVM U16 2007"]
[Site "Uelzen GER"]
[Date "2007.12.27"]
[Round "1"]
[White "Rothengaß, Marc"]
[Black "Kolb, Niklas"]
[Result "1-0"]
[Termination "normal"]
[Board "9.4"]
[WhiteElo "1485"]
[BlackElo "1327"]
[WhiteTeam "SF Deizisau"]
[BlackTeam "SK Gründau"]
[PlyCount "123"]
[WhiteFideId "24659606"]
[BlackFideId "24659746"]
[EventCountry "GER"]
[EventRounds "7"]
[EventType "team-swiss"]
[EventDate "2007.12.26"]

1. e4 e5 2. Nf3 Nc6 3. d4 exd4 4. Nxd4 Nxd4 5. Qxd4 Qf6 6. Qxf6 Nxf6 7. f3 Bc5
8. Bf4 d6 9. Nd2 O-O 10. Bg3 Re8 11. Be2 Bb6 12. O-O-O Be3 13. Rhe1 Bd7 14. Bc4
Bxd2+ 15. Rxd2 Be6 16. Bxe6 fxe6 17. e5 dxe5 18. Bxe5 Nd5 19. c4 Nb6 20. Bxc7
Rac8 21. Bxb6 Rxc4+ 22. Kb1 axb6 23. Rd7 b5 24. Rxb7 b4 25. Rb6 Kf7 26. Re4
Rec8 27. Rxc4 Rxc4 28. Rd6 Ke7 29. Rd2 h6 30. g3 Kf6 31. b3 Rc3 32. f4 Rc5 33.
Rd4 Rb5 34. Kb2 e5 35. fxe5+ Kxe5 36. Rh4 Kf6 37. a3 bxa3+ 38. Kxa3 Ke6 39. Rc4
Rb7 40. b4 Kd5 41. Rc2 Ra7+ 42. Kb3 Rb7 43. Rb2 g6 44. Ka4 Kc6 45. b5+ Kc5 46.
Rc2+ Kd5 47. Ka5 Ke5 48. Ka6 Rd7 49. b6 Rd1 50. b7 Ra1+ 51. Kb6 Rb1+ 52. Kc7
Rxb7+ 53. Kxb7 Kf5 54. Kc7 Kg4 55. Kd6 g5 56. Ke6 Kh5 57. Kf6 Kg4 58. Kg6 h5
59. h3+ Kxh3 60. Kxg5 Kxg3 61. Rc3+ Kf2 62. Kxh5 1-0